000 01597nab a22002777a 4500
999 _c5272
_d5272
003 OSt
005 20250211125449.0
008 190429b xxu||||| |||| 00| 0 spa d
040 _cPJ
100 _aFavarotto, Ricardo S.
_94808
245 1 3 _aEl derecho a oponerse a colaborar con la acusación /
_cRicardo S. Favarotto.
260 _cCiudad Autónoma de Buenos Aires :
_aThomson Reuters La Ley,
_b2025.
300 _ap. 93-125
500 _aCita: AR/DOC/65/2025.
505 _aSumario: I. Aproximación.— II. Expresiones normativas del nemo tenetur se ipsum accusare.— III. Nadie deberá ser coaccionado a declarar contra sí...— IV. Las divergencias respecto de la amplitud del derecho.— V. Proyecciones sobre el derecho a la intimidad.— VI. Otras derivaciones del principio.— VII. El imputado, ¿sujeto activo o pasivo de prueba?— VIII. El principio de incoercibilidad frente a las inspecciones e intervenciones corporales del imputado.— IX. Jurisprudencia continental sobre la materia.— X. Extracto conclusivo.
505 _tSi te interesa el texto completo, solicitalo a koha@justierradelfuego.gov.ar
650 0 _9343
_aDERECHO PENAL
650 0 _92724
_aDERECHO A LA INTIMIDAD
650 0 _92718
_aSITUACIÓN DEL IMPUTADO
650 0 _9180
_aDEBIDO PROCESO
650 0 _92478
_aCODIGO PENAL
650 0 _92348
_aPROCESO PENAL
650 0 _92781
_aDECLARACIÓN INDAGATORIA
773 0 _02658
_93164
_tRevista de derecho penal y criminología. Nº 1 - Febrero 2025
_dCiudad Autónoma de Buenos Aires : Thomson Reuters La Ley, 2017-
_x00347914
942 _2udc
_cANA